000 00382nam a2200145Ia 4500
008 100122s9999 xx 000 0 und d
082 _b10713
_a821
100 _aबोरसे दा गो
245 _aशैलजा
260 _bगिरीजा प्रकाशन
_c1955
300 _a92
630 _aशैलजा
730 _aशैलजा
942 _cBOOK
999 _c402306
_d402303